000 00868nmm a2200253 a 4500
001 ocm0001083837
003 TR-IsHL
005 20201028151501.0
008 150709s1988 tu tur
007 cr cn
035 _a1083837
_b(N$T)
050 0 4 _aKKX4604.31929
_b.Y87 1988
090 0 4 _aKKX4604.31929
_b.Y87 1988
100 1 _aYurtcan, Erdener
245 1 0 _aCeza muhakemeleri usulü kanunu şerhi ve ilgili mevzuat 3: madde 327-466
_h[electronic resource] /
_cErdener Yurtcan
260 _aİstanbul :
_bErdener Yurtcan Kitaplığı,
_c1988
300 _a1019 p.
650 4 _aHukuk
650 4 _aLaw
650 0 _aCeza yargılaması
_x Türkiye
650 0 _aCriminal procedure
_x Turkey
650 7 _aLAW / Criminal Law / General
_2bisacsh
856 4 0 _uhttp://search.ebscohost.com/login.aspx?direct=true&scope=site&db=e011xww&AN=1083837
999 _c11031
_d11031